00351nam a22000857a 4500008004100000082001800041245015900059260003700218300001000255230612b xxu||||| |||| 00| 0 eng d a352.4908bKEN a The Appropriation Accounts, Other Public Accounts Details Excluding Accounts of the Funds of the Republic of Kenya for the 2008/2009cGovernment of Kenya aKenyabGovernment of Kenyac2009 a650 p